| 000 | 00935nam a2200253Ia 4500 | ||
|---|---|---|---|
| 003 | PE SENCICO BE | ||
| 005 | 20251020182427.0 | ||
| 008 | 200515s9999 xx 000 0 und d | ||
| 020 | _a978-958-648-478-7 | ||
| 040 |
_aPE SENCICO BE _cPE SENCICO BE |
||
| 041 | _aspa | ||
| 082 |
_a658.404 _bR77 |
||
| 100 | 1 |
_aRojas López, Miguel David _91309 _eautor |
|
| 245 | 1 | 0 |
_aEvaluación de proyectos para ingenieros / _cMiguel David Rojas López |
| 250 | _a1a ed. | ||
| 260 |
_aBogotá, D.C. : _bEcoe ediciones ; _c2007 |
||
| 300 |
_a245 p. : _btbl., graf. ; _c24 cm. |
||
| 490 | _aTextos universitarios | ||
| 505 | 0 | _aEvaluación de proyectos -- Estudios necesarios -- Equivalencias financieras -- Criterios de evaluación -- Evaluación de proyectos con inflación. | |
| 650 | 1 | 0 |
_aEvaluación de proyectos _914 |
| 650 | 2 | 0 |
_aAdministración de proyectos _9149 |
| 650 | 2 | 0 |
_aFinanciamiento de proyectos _92269 |
| 942 |
_cLIB _2ddc |
||
| 999 |
_c130 _d130 |
||